000
00353pab a2200157 454500
008
180718b1996 xxu||||| |||| 00| 0 eng d
100
_a
Bhandari, Arvind
245
_a
Electoral reforms
260
_c
1996
300
_a
p.11
362
_a
22 Jul
650
_a
Elections - India
650
_a
Elections
773
_a
Hindustan Times
909
_a
33107
999
_c
33107
_d
33107